000 00864nam a2200217Ia 4500
001 15256
005 20260401171600.0
008 260306t2017||||xx |||||||||||||| ||spa||
041 _aESP
082 _a531.11
_bB33D 2017
100 _aBeer, Ferdinand P.
_eAUT
245 0 _aMecánica vectorial para ingenieros:
_bdinámica
260 _c2017
300 _avarias paginaciones :
_c27 cm.
650 _aGEN
654 _aCCN
856 _uhttps://itmsp.museknowledge.com/UCSP?url=https://www.ebooks7-24.com:443/?il=16344&pg=1
_zVersión digital (2021)
856 _uhttps://0u213uygy-y-https-ebooks7--24-com.itmsp.museknowledge.com/biblioteca.aspx
_zVéase además: Base de datos Ebook7-24
856 _uhttps://0u20fuygz-y-https-research-ebsco-com.itmsp.museknowledge.com/c/qxo6us/search
_zVéase además: Base de datos EBSCOhost
942 _cLIB
_dJUS
_fJUS
_2ddc
999 _c15256
_d15256